000 01908nam a2200289 i 4500
003 DO-SdBNP
005 20250826143303.0
007 ta
008 250826s2025 dr ac 000 0 spa d
020 _a9789945292961
040 _aDO-SdBNP
_bspa
_cBNPHU
_erda
041 _aspa
082 4 _axxx
_bV145
_222
100 1 _aValdez Montero, Henry
_d1980-
_945446
_eautor
_4aut.
245 1 3 _aLa pobreza ¿de qué somos pobres? :
_btransmisión de la pobreza Vs. estrategias, técnicas, métodos y pasos para erradicarla /
_cHenry Valdez Montero
250 _aPrimera edición
264 _aSanto Domingo :
_b[editor no identificado],
_c[2025].
300 _a172 páginas ;
_bilustraciones, retratos ;
_c21 cm.
336 _2rdacontent
_atexto
_btxt
337 _2rdamedia
_asin mediación
_bn
338 _2rdacarrier
_avolumen
_bnc
500 _aIncluye datos biografícos del autor en las solapas y en las páginas 16-19.
520 _aSegún la Real Academia Española (RAE), pobreza es definida como falta, escasez o como propia cualidad de pobre. Hoy en día, definir este término se torna complicado, sobre todo si se tiene en cuenta que la pobreza o la persona considerada pobre depende de muchos factores y del propio contexto socioeconómico en el que se enmarca. De manera genérica entendemos por pobreza la falta de medios económicos de una persona, sin embargo, en el siglo XXI este término ha adquirido una dimensión mucho mayor y delimitarlo únicamente al nivel de ingresos no ofrece una visión real de la situación que sufren las personas en situación de pobreza. Para poder entenderlo mejor tenemos que hablar de una pobreza multidimensional que tiene en cuenta la falta de derechos y acceso a los servicios básicos como agua y saneamiento, la salud, la educación y una alimentación adecuada.
590 _aInventariado, 2025/ YL
910 _aYLockward
942 _2ddc
_cLBS1
999 _c59823
_d59823